[Event "European Senior Chess Championship 2018"]
[Site "Drammen, Norway"]
[Date "2018.08.03"]
[Round "5"]
[White "Patola, Eero"]
[Black "Mella, Aage"]
[Result "1/2-1/2"]
[WhiteElo "1856"]
[BlackElo "1689"]
[PlyCount "52"]
[EventDate "2018.??.??"]

1. e4 c5 2. c4 Nc6 3. Nc3 g6 4. g3 Bg7 5. Bg2 d6 6. d3 e6 7. Nge2 Nge7 8. O-O
O-O 9. Rb1 a6 10. h3 Rb8 11. a4 Bd7 12. Bf4 e5 13. Bg5 f6 14. Be3 Nd4 15. f4
Qc7 16. g4 Bc6 17. f5 g5 18. Bf2 b5 19. Nxd4 cxd4 20. Nd5 Nxd5 21. cxd5 Bd7 22.
axb5 Bxb5 23. Qd2 Rfc8 24. Rfc1 Qb7 25. Bf1 Bf8 26. h4 h6
1/2-1/2

[Event "European Senior Chess Championship 2018"]
[Site "Drammen, Norway"]
[Date "2018.08.03"]
[Round "5"]
[White "Tveten, Per"]
[Black "Tolda Andreu, Eloi"]
[Result "0-1"]
[WhiteElo "1526"]
[BlackElo "1827"]
[PlyCount "88"]
[EventDate "2018.??.??"]

1. e4 c5 2. Nf3 Nc6 3. c4 d6 4. h3 Nf6 5. Nc3 g6 6. g3 Bg7 7. Bg2 O-O 8. d3 Bd7
9. O-O Rb8 10. Rb1 a6 11. Bd2 b5 12. b3 Nb4 13. Be3 Qc8 14. Kh2 Nh5 15. Nd5
Nxd5 16. cxd5 e6 17. dxe6 Bxe6 18. Ng5 Nf6 19. f4 h6 20. Nxe6 fxe6 21. f5 exf5
22. exf5 gxf5 23. Qf3 h5 24. Bg5 Qe8 25. Bxf6 Rxf6 26. Qd5+ Qf7 27. Qxf7+ Kxf7
28. Rbe1 Kg6 29. Re7 Bh6 30. Rfe1 f4 31. R7e6 fxg3+ 32. Kxg3 Bf4+ 33. Kh4 Be5
34. Be4+ Kf7 35. Rxf6+ Bxf6+ 36. Kxh5 Rh8+ 37. Kg4 Rg8+ 38. Kf3 Rg5 39. Rh1 d5
40. h4 dxe4+ 41. dxe4 Rh5 42. Kg4 Rh8 43. h5 Ke6 44. h6 Ke5 0-1

[Event "European Senior Chess Championship 2018"]
[Site "Drammen, Norway"]
[Date "2018.08.03"]
[Round "5"]
[White "Lilleng, Gunnar"]
[Black "Podlovna, Stella"]
[Result "0-1"]
[WhiteElo "1598"]
[BlackElo "1607"]
[PlyCount "100"]
[EventDate "2018.??.??"]

1. d4 d5 2. c3 Bf5 3. Nf3 Nf6 4. Qb3 Qc8 5. Nh4 Bg6 6. Bf4 e6 7. Nxg6 hxg6 8.
Qa4+ Nbd7 9. Nd2 Be7 10. Nf3 Nh5 11. Bg5 Nhf6 12. e3 c6 13. Bd3 Bd6 14. Bf4
Bxf4 15. exf4 Qc7 16. Ne5 O-O 17. Qc2 Nxe5 18. fxe5 Nd7 19. h4 f5 20. Qe2 Kf7
21. g4 Rh8 22. O-O-O Rh6 23. Qf3 Rah8 24. Qg3 Qd8 25. g5 Rh5 26. f4 c5 27. Kb1
c4 28. Bc2 b5 29. a3 a5 30. Rd2 Qe7 31. Bd1 R5h7 32. Rdh2 b4 33. axb4 axb4 34.
h5 gxh5 35. Rxh5 Rxh5 36. Rxh5 Rxh5 37. Bxh5+ g6 38. Be2 b3 39. Qh2 Nf8 40.
Bxc4 dxc4 41. d5 exd5 42. Qf2 Qd7 43. Qb6 Ne6 44. Kc1 Nxf4 45. Qf6+ Kg8 46. Kd2
Qe6 47. Qd8+ Kg7 48. Qc7+ Qf7 49. Qd6 Qa7 50. e6 Qf2+
0-1

[Event "European Senior Chess Championship 2018"]
[Site "Drammen, Norway"]
[Date "2018.08.03"]
[Round "6"]
[White "Vinke, Dietmar"]
[Black "Anguera Maestro, Jaime"]
[Result "1/2-1/2"]
[WhiteElo "2166"]
[BlackElo "2042"]
[PlyCount "33"]
[EventDate "2018.??.??"]

1. Nf3 Nf6 2. g3 g6 3. Bg2 Bg7 4. O-O O-O 5. d4 d5 6. c4 c6 7. cxd5 cxd5 8. Ne5
Nc6 9. Nxc6 bxc6 10. Nc3 Bf5 11. Bf4 Nh5 12. Be3 e5 13. h3 Be6 14. dxe5 Bxe5
15. Bd4 Bxd4 16. Qxd4 Qb6 17. e3
1/2-1/2

[Event "European Senior Chess Championship 2018"]
[Site "Drammen, Norway"]
[Date "2018.08.03"]
[Round "6"]
[White "Khmiadashvili, Tamar"]
[Black "Moe, Mogens"]
[Result "1/2-1/2"]
[WhiteElo "1969"]
[BlackElo "2150"]
[PlyCount "151"]
[EventDate "2018.??.??"]

1. b3 c5 2. Bb2 Nc6 3. e3 Nf6 4. f4 g6 5. Nf3 Bg7 6. Bb5 O-O 7. O-O Qb6 8. a4
a6 9. Bxc6 Qxc6 10. Ne5 Qc7 11. a5 d6 12. Nc4 Bg4 13. Qe1 Rad8 14. d3 d5 15.
Nb6 Be6 16. Nd2 Nd7 17. Bxg7 Kxg7 18. Nxd7 Rxd7 19. e4 f6 20. f5 Bf7 21. Qg3 c4
22. Qxc7 Rxc7 23. exd5 c3 24. Nc4 Bxd5 25. Ne3 Bf7 26. Rf4 e5 27. fxe6 Bxe6 28.
Rb4 f5 29. Rb6 Re8 30. Nd1 Bd5 31. Kf2 Bc6 32. Rc1 Bb5 33. g3 Re5 34. Rd6 g5
35. Rd4 Bc6 36. b4 Bd5 37. Ra1 Bb3 38. Ra3 Bxc2 39. Rxc3 Rxc3 40. Nxc3 Re7 41.
Rd6 Bb3 42. Ne2 Be6 43. d4 Bc4 44. Nc3 f4 45. gxf4 gxf4 46. h4 Re3 47. Nd5 Rb3
48. Nxf4 Rxb4 49. Kg3 Rb5 50. Kg4 Bf7 51. Ne6+ Bxe6+ 52. Rxe6 h5+ 53. Kf4 Rxa5
54. Re7+ Kf6 55. Rxb7 Rb5 56. Ra7 Rb6 57. Ke4 Rd6 58. Rh7 Kg6 59. Rb7 Kf6 60.
d5 a5 61. Ra7 Rb6 62. Kd4 Rb4+ 63. Kc5 Rxh4 64. Rxa5 Rh1 65. Kd6 h4 66. Kd7 Ke5
67. d6+ Kf4 68. Kd8 Rd1 69. d7 h3 70. Rh5 Kg3 71. Ke8 Re1+ 72. Kf7 Rd1 73. Ke7
Re1+ 74. Kf6 Rf1+ 75. Ke7 Re1+ 76. Kd6
1/2-1/2

[Event "European Senior Chess Championship 2018"]
[Site "Drammen, Norway"]
[Date "2018.08.03"]
[Round "6"]
[White "Malmdin, Nils-Ake"]
[Black "Hauge, Tor Arne"]
[Result "1-0"]
[WhiteElo "2135"]
[BlackElo "2037"]
[PlyCount "87"]
[EventDate "2018.??.??"]

1. e4 e5 2. Nf3 Nc6 3. Nc3 Nf6 4. a3 g6 5. Bc4 Bg7 6. d3 h6 7. h3 d6 8. Be3 Be6
9. Qe2 d5 10. exd5 Nxd5 11. Nxd5 Bxd5 12. O-O-O O-O 13. Kb1 Nd4 14. Bxd4 exd4
15. Bxd5 Qxd5 16. Rhe1 c5 17. Qe4 Qxe4 18. Rxe4 Rfe8 19. Rde1 Rxe4 20. Rxe4 Kf8
21. a4 Re8 22. Ka2 Rxe4 23. dxe4 Ke7 24. Kb3 Kd6 25. Kc4 Kc6 26. b4 b6 27. bxc5
bxc5 28. Ne1 Bf8 29. Nd3 Bd6 30. e5 Bf8 31. f4 Be7 32. g4 a6 33. f5 gxf5 34.
gxf5 h5 35. f6 Bf8 36. h4 a5 37. Nf4 Bh6 38. Nxh5 Be3 39. Ng7 d3 40. cxd3 Bd4
41. e6 Bxf6 42. Nh5 Bxh4 43. exf7 Be7 44. Nf6
1-0

[Event "European Senior Chess Championship 2018"]
[Site "Drammen, Norway"]
[Date "2018.08.03"]
[Round "6"]
[White "Hewson, Brian W R"]
[Black "Hartung-Nielsen, Jens"]
[Result "1/2-1/2"]
[WhiteElo "2012"]
[BlackElo "2211"]
[PlyCount "101"]
[EventDate "2018.??.??"]

1. d4 Nf6 2. Nf3 e6 3. Bg5 c5 4. e3 cxd4 5. exd4 b6 6. Nbd2 Bb7 7. Bd3 Be7 8.
O-O h6 9. Bh4 O-O 10. Re1 d6 11. Qe2 Nbd7 12. Ne4 Re8 13. Nxf6+ Bxf6 14. Bxf6
Nxf6 15. Ba6 Qc7 16. Bxb7 Qxb7 17. Qd3 b5 18. Nd2 Rec8 19. c3 a5 20. Re3 Qc6
21. f4 d5 22. f5 exf5 23. Qxf5 Re8 24. Rae1 Rxe3 25. Rxe3 Re8 26. Rxe8+ Qxe8
27. Qe5 Qxe5 28. dxe5 Nd7 29. Nf3 Nc5 30. Nd4 b4 31. cxb4 axb4 32. Nc6 b3 33.
axb3 Nxb3 34. Ne7+ Kf8 35. Nxd5 Ke8 36. Ne3 g6 37. Kf2 Kd7 38. Nc4 Ke6 39. Ke3
Kd5 40. Nd6 f6 41. Nf7 Ke6 42. Nxh6 Kxe5 43. Ng4+ Ke6 44. Nf2 f5 45. h4 Kf6 46.
Kf4 Nd4 47. b4 Ne6+ 48. Ke3 g5 49. hxg5+ Kxg5 50. b5 Nc7 51. Ne4+
1/2-1/2

[Event "European Senior Chess Championship 2018"]
[Site "Drammen, Norway"]
[Date "2018.08.03"]
[Round "6"]
[White "Neumann, Joachim"]
[Black "Ludviksson, Johannes"]
[Result "1/2-1/2"]
[WhiteElo "2124"]
[BlackElo "2024"]
[PlyCount "45"]
[EventDate "2018.??.??"]

1. c4 e6 2. g3 f5 3. Bg2 Nf6 4. Nc3 Be7 5. d3 O-O 6. e4 fxe4 7. dxe4 Nc6 8. Nf3
d6 9. O-O e5 10. h3 Be6 11. Qd3 Nb4 12. Qe2 c5 13. Ng5 Bd7 14. f4 Nc6 15. f5
Nd4 16. Qd3 Nh5 17. h4 h6 18. Nh3 Nf6 19. Nf2 Nh7 20. Ng4 Rb8 21. a4 Kh8 22.
Nd5 Nf6 23. Ngxf6
1/2-1/2

[Event "European Senior Chess Championship 2018"]
[Site "Drammen, Norway"]
[Date "2018.08.03"]
[Round "6"]
[White "Strand, Kjetil"]
[Black "Zhelesny, Stanislav"]
[Result "0-1"]
[WhiteElo "1994"]
[BlackElo "2077"]
[PlyCount "88"]
[EventDate "2018.??.??"]

1. e4 c6 2. d4 d5 3. exd5 cxd5 4. c4 Nf6 5. Nc3 e6 6. Nf3 Be7 7. cxd5 exd5 8.
Bd3 O-O 9. O-O Nc6 10. h3 b6 11. Re1 Bb7 12. Bg5 h6 13. Rxe7 Nxe7 14. Bxf6 gxf6
15. Nh4 Bc8 16. Qh5 Kg7 17. Re1 Rh8 18. Re3 Kf8 19. Rf3 Qd6 20. g4 Ke8 21. Bb5+
Bd7 22. Re3 Kf8 23. a4 a6 24. Bd3 b5 25. axb5 axb5 26. Nxb5 Bxb5 27. Bxb5 Ra1+
28. Kg2 Ra7 29. Nf5 Qf4 30. Nxe7 Rxe7 31. Rxe7 Kxe7 32. Qxd5 Qd6 33. Qb7+ Kf8
34. d5 Kg7 35. Qc6 Qf4 36. d6 h5 37. Be2 Rd8 38. d7 Qd4 39. Bb5 hxg4 40. Qc8
gxh3+ 41. Kg3 h2 42. Bc6 Rxd7 43. Kxh2 Rd8 44. Qc7 Qxf2+
0-1

[Event "European Senior Chess Championship 2018"]
[Site "Drammen, Norway"]
[Date "2018.08.03"]
[Round "6"]
[White "Svensson, Leif"]
[Black "Danielsson, Robert"]
[Result "1-0"]
[WhiteElo "2052"]
[BlackElo "1993"]
[PlyCount "57"]
[EventDate "2018.??.??"]

1. d4 Nf6 2. Nc3 d5 3. Bg5 Nbd7 4. e3 g6 5. f4 Bg7 6. Nf3 O-O 7. Bd3 c5 8. O-O
b6 9. Ne5 Bb7 10. f5 c4 11. Be2 Rc8 12. Nxd7 Qxd7 13. fxg6 hxg6 14. Qe1 Ne4 15.
Nxe4 dxe4 16. Qb4 e6 17. c3 Qc6 18. Rac1 Rfe8 19. b3 Qd5 20. Bf4 cxb3 21. axb3
Qd7 22. Qa3 Bc6 23. Rcd1 Bf8 24. Qb2 Bd6 25. Bxd6 Qxd6 26. Rf6 Kg7 27. Rdf1 Rc7
28. d5 Rh8 29. g3
1-0

[Event "European Senior Chess Championship 2018"]
[Site "Drammen, Norway"]
[Date "2018.08.03"]
[Round "6"]
[White "Idesis, Yaacov"]
[Black "Sorokina, Tamara"]
[Result "0-1"]
[WhiteElo "1958"]
[BlackElo "2050"]
[PlyCount "92"]
[EventDate "2018.??.??"]

1. d4 c5 2. Nf3 cxd4 3. Nxd4 e6 4. c3 Nc6 5. Bf4 a6 6. e3 d5 7. Bg3 Nf6 8. Be2
Bd6 9. O-O O-O 10. Nd2 e5 11. Nxc6 bxc6 12. Qc2 Qe7 13. Rad1 h6 14. Rfe1 Re8
15. h3 a5 16. a4 Bb7 17. b3 c5 18. Bb5 Red8 19. Be2 e4 20. Bxd6 Rxd6 21. Qb2
Rdd8 22. Nb1 Nd7 23. Na3 Ne5 24. Nb5 Ra6 25. Kh2 Rg6 26. Rg1 Bc8 27. c4 Qf6 28.
Nc3 Bxh3 29. Bf1 Ng4+ 30. Kh1 Nxf2+ 31. Kh2 Nxd1 32. Nxd1 Qxb2 33. Nxb2 Be6 34.
cxd5 Bxd5 35. Bc4 Bxc4 36. Nxc4 Rb8 37. Nxa5 Ra6 38. Nc4 Rxb3 39. Rd1 Rc3 40.
Ne5 Rxe3 41. Rd8+ Kh7 42. Nxf7 Rxa4 43. Rc8 c4 44. Ne5 c3 45. Ng4 Rd3 46. Nf2
Rd2 0-1

[Event "European Senior Chess Championship 2018"]
[Site "Drammen, Norway"]
[Date "2018.08.03"]
[Round "6"]
[White "Sand, Rolf, Dr."]
[Black "Taksrud, Vidar"]
[Result "1/2-1/2"]
[WhiteElo "1990"]
[BlackElo "2047"]
[PlyCount "112"]
[EventDate "2018.??.??"]

1. c4 e5 2. g3 Nf6 3. Bg2 d5 4. cxd5 Nxd5 5. Nc3 Be6 6. Nf3 Nc6 7. O-O Be7 8.
d4 exd4 9. Nxd4 Nxc3 10. bxc3 Nxd4 11. cxd4 c6 12. Rb1 Qd7 13. Qa4 O-O 14. Rd1
Rfd8 15. Bf4 a5 16. e4 b5 17. Qc2 a4 18. d5 cxd5 19. exd5 Bg4 20. Re1 Rac8 21.
Qd2 Bf5 22. Be4 Bxe4 23. Rxe4 f5 24. Re2 b4 25. d6 Bxd6 26. Qxd6 Qxd6 27. Bxd6
Rxd6 28. Rxb4 Ra8 29. Rb7 f4 30. Kg2 fxg3 31. hxg3 h6 32. Ree7 g5 33. Rg7+ Kh8
34. Rbd7 Rxd7 35. Rxd7 Rb8 36. Rd4 Ra8 37. Kf3 Kg7 38. Kg4 Ra6 39. Kh5 Kf6 40.
a3 Ke5 41. Rb4 Kf5 42. Rc4 Ke5 43. f3 Kd5 44. Re4 Kc5 45. f4 gxf4 46. gxf4 Kd5
47. Rb4 Kc5 48. Kg4 Kd6 49. Kf5 Ke7 50. Rb7+ Kf8 51. Kg4 Kg8 52. f5 Kh8 53. Re7
Kg8 54. Kf4 Kf8 55. Rb7 Kg8 56. Rd7 Kf8
1/2-1/2

[Event "European Senior Chess Championship 2018"]
[Site "Drammen, Norway"]
[Date "2018.08.03"]
[Round "6"]
[White "Goncharov, Viktor"]
[Black "Smeby, Ole"]
[Result "0-1"]
[WhiteElo "2041"]
[BlackElo "1980"]
[PlyCount "124"]
[EventDate "2018.??.??"]

1. d4 Nf6 2. c4 c5 3. Nf3 cxd4 4. Nxd4 e5 5. Nc2 d5 6. cxd5 Qxd5 7. Qxd5 Nxd5
8. g3 Nc6 9. Bg2 Ndb4 10. Bxc6+ Nxc6 11. Nc3 Bh3 12. f3 O-O-O 13. Be3 Be7 14.
Rc1 Kb8 15. a3 Nd4 16. Nxd4 exd4 17. Bf4+ Bd6 18. Bxd6+ Rxd6 19. Ne4 Rd7 20. g4
h5 21. gxh5 Rxh5 22. Rg1 Rd8 23. Rxg7 Be6 24. Ng5 d3 25. exd3 Rxh2 26. Nxe6
fxe6 27. b4 Rh1+ 28. Kd2 Rxc1 29. Kxc1 Rxd3 30. Rf7 Rxa3 31. Kb2 Re3 32. f4 a6
33. f5 exf5 34. Rxf5 Kc7 35. Rf6 Rd3 36. Rh6 Rd6 37. Rh5 Kc6 38. Rc5+ Kd7 39.
Rh5 b6 40. Kc3 Kc6 41. Kc4 Rg6 42. Rh3 Rg4+ 43. Kb3 Rd4 44. Rc3+ Kb5 45. Ka3
Rxb4 46. Rc8 Rh4 47. Rg8 Rh3+ 48. Kb2 Ka5 49. Ka2 b5 50. Rg4 b4 51. Rf4 Ka4 52.
Rf1 Rh2+ 53. Kb1 a5 54. Ka1 Ka3 55. Rg1 a4 56. Rg3+ b3 57. Rg1 Rc2 58. Kb1 Kb4
59. Rg8 Rc5 60. Rg4+ Rc4 61. Rg8 a3 62. Rh8 a2+
0-1

[Event "European Senior Chess Championship 2018"]
[Site "Drammen, Norway"]
[Date "2018.08.03"]
[Round "6"]
[White "Ilyes, Peter"]
[Black "Johnsen, Oystein"]
[Result "1-0"]
[WhiteElo "1944"]
[BlackElo "2009"]
[PlyCount "63"]
[EventDate "2018.??.??"]

1. e4 c5 2. Nf3 e6 3. d3 Nc6 4. g3 g6 5. Bg2 Bg7 6. O-O Nge7 7. Re1 d6 8. c3
O-O 9. Bg5 h6 10. Be3 Rb8 11. a4 a6 12. d4 cxd4 13. cxd4 d5 14. e5 b5 15. axb5
axb5 16. Nc3 Qb6 17. Bf1 Na7 18. Nd2 Nf5 19. Nb3 Nxe3 20. Rxe3 Rd8 21. Bd3 Bf8
22. h4 Bd7 23. h5 Be8 24. hxg6 fxg6 25. Qg4 Kh7 26. Rf3 Bg7 27. Ne2 Kg8 28.
Bxg6 Bxg6 29. Qxg6 Rf8 30. Rf6 Rb7 31. Nc5 Qd8 32. Nxb7
1-0

[Event "European Senior Chess Championship 2018"]
[Site "Drammen, Norway"]
[Date "2018.08.03"]
[Round "6"]
[White "Solli, Oddvar"]
[Black "Skogheim, Ole Morten"]
[Result "1/2-1/2"]
[WhiteElo "1796"]
[BlackElo "1992"]
[PlyCount "67"]
[EventDate "2018.??.??"]

1. Nf3 d5 2. c4 e6 3. g3 Nf6 4. Bg2 c5 5. O-O Nc6 6. cxd5 exd5 7. d4 cxd4 8.
Nxd4 Be7 9. Nc3 O-O 10. Bg5 Re8 11. Rc1 h6 12. Be3 Bf8 13. Qd2 Ne5 14. b3 Neg4
15. Nd1 Ne4 16. Qd3 Nxe3 17. Nxe3 Be6 18. Nxe6 Rxe6 19. Qxd5 Nd6 20. Rfd1 Qb6
21. Qd4 Qa6 22. Nd5 Nb5 23. Qd3 Ba3 24. Rc2 Rd6 25. Qf5 Re6 26. Nc7 Nxc7 27.
Rxc7 Rf6 28. Rc8+ Rxc8 29. Qxc8+ Kh7 30. Qc2+ g6 31. Rd7 Qa5 32. Rd1 Bc5 33. e3
b6 34. Qd2
1/2-1/2

[Event "European Senior Chess Championship 2018"]
[Site "Drammen, Norway"]
[Date "2018.08.03"]
[Round "6"]
[White "Sather, Lars"]
[Black "Kuznetsova, Luba"]
[Result "0-1"]
[WhiteElo "1720"]
[BlackElo "1983"]
[PlyCount "88"]
[EventDate "2018.??.??"]

1. d4 d5 2. c4 c6 3. cxd5 cxd5 4. Nc3 Nc6 5. e3 Nf6 6. Nf3 e6 7. Bd3 Bd6 8. h3
Bd7 9. Bd2 a6 10. Rc1 h6 11. O-O O-O 12. a3 Re8 13. e4 dxe4 14. Nxe4 Nxe4 15.
Bxe4 Qc7 16. d5 exd5 17. Bxd5 Re7 18. Bc3 Bf4 19. Qd3 Kh8 20. Bd2 Bxd2 21. Nxd2
Rd8 22. Qf3 Qb8 23. Nc4 Nd4 24. Qh5 Ne2+ 25. Kh1 Nxc1 26. Rxc1 Qf4 27. Ne3 Qxf2
28. Nc4 Rde8 29. Qf3 Qxf3 30. gxf3 Re1+ 31. Rxe1 Rxe1+ 32. Kg2 Be6 33. Bxe6
Rxe6 34. f4 b5 35. Ne5 f6 36. Nd3 Re3 37. Nc1 Kg8 38. h4 Kf7 39. Kf2 Rh3 40.
Ne2 Rb3 41. Nd4 Rxb2+ 42. Ke3 Ra2 43. f5 Rxa3+ 44. Ke4 Ra4
0-1

[Event "European Senior Chess Championship 2018"]
[Site "Drammen, Norway"]
[Date "2018.08.03"]
[Round "6"]
[White "Ingham, H William"]
[Black "Ladisic, Alex-Sacha"]
[Result "0-1"]
[WhiteElo "1819"]
[BlackElo "1962"]
[PlyCount "132"]
[EventDate "2018.??.??"]

1. d4 Nf6 2. Nf3 d6 3. Bf4 g6 4. e3 Bg7 5. Be2 O-O 6. c4 Nfd7 7. h3 e5 8. Bh2
Nc6 9. O-O e4 10. Nfd2 f5 11. Nc3 Nf6 12. a3 g5 13. Qc2 Re8 14. b4 h6 15. b5
Ne7 16. Rac1 Be6 17. a4 Ng6 18. Nb3 Bf7 19. a5 f4 20. a6 b6 21. c5 d5 22. cxb6
cxb6 23. Na2 Qd7 24. Nd2 Qf5 25. Nb4 Nh4 26. Nc6 f3 27. Nxf3 exf3 28. Qxf5 Nxf5
29. Bxf3 Ne4 30. Rfd1 Bf8 31. Bg4 Be6 32. Rc2 Nf6 33. Be2 Nd6 34. Rdc1 Rec8 35.
Be5 Nfe8 36. g4 Bf7 37. Bd3 Be6 38. Bg3 Rc7 39. f3 Rf7 40. Kg2 Rc8 41. Ne5 Rfc7
42. Rxc7 Rxc7 43. Nc6 Bd7 44. e4 Bxc6 45. bxc6 Nc4 46. Bxc4 dxc4 47. Bxc7 Nxc7
48. Rxc4 b5 49. Rc2 Kf7 50. Kf2 Ke6 51. Ke3 Ba3 52. f4 gxf4+ 53. Kxf4 b4 54.
d5+ Kd6 55. Kf5 b3 56. Rc3 b2 57. Rb3 Nxa6 58. h4 Nc5 59. Rb8 a5 60. e5+ Kc7
61. Rxb2 Bxb2 62. g5 hxg5 63. hxg5 Nd3 64. g6 Bxe5 65. Ke4 a4 66. Kxd3 a3 
0-1

[Event "European Senior Chess Championship 2018"]
[Site "Drammen, Norway"]
[Date "2018.08.03"]
[Round "6"]
[White "Svanholm, Borge Waaktaar"]
[Black "Lie, Terje"]
[Result "1-0"]
[WhiteElo "1862"]
[BlackElo "1502"]
[PlyCount "127"]
[EventDate "2018.??.??"]

1. c4 Nf6 2. Nc3 e6 3. e4 d5 4. e5 Ne4 5. Qc2 Nxc3 6. bxc3 c6 7. d4 Be7 8. Nf3
O-O 9. Bd3 g6 10. O-O f5 11. a4 Nd7 12. Ba3 dxc4 13. Bxc4 Nb6 14. Bxe7 Qxe7 15.
Ba2 Kg7 16. Rab1 Nd5 17. Qd2 h6 18. c4 Nc7 19. Rfd1 b6 20. Qc3 Rd8 21. Rd2 Bb7
22. Rbd1 Rac8 23. h3 Ba8 24. Nh2 Bb7 25. f4 Na6 26. Nf1 Rc7 27. Ne3 Qh4 28. Rf1
Bc8 29. Kh2 Rcd7 30. g3 Qe7 31. d5 Qb4 32. Qxb4 Nxb4 33. d6 c5 34. Bb3 Bb7 35.
Bd1 h5 36. h4 Be4 37. Be2 Nc6 38. Bf3 Bxf3 39. Rxf3 Nd4 40. Rf1 Kf7 41. Kg2 Rb8
42. Rb1 Rbb7 43. Rdb2 Nc6 44. Kf2 Nb4 45. Ke2 Nc6 46. Kd3 Nb4+ 47. Kc3 Nc6 48.
Nc2 Na5 49. Na3 Nc6 50. Nb5 Nb4 51. Na3 Nc6 52. Nc2 Na5 53. Kd3 Nc6 54. Ne3
Nb4+ 55. Kc3 Nc6 56. Nd1 Nb4 57. Nf2 Nc6 58. Nd3 Nd4 59. Nxc5 Ne2+ 60. Rxe2
bxc5 61. Reb2 Rxb2 62. Rxb2 Ke8 63. Rb5 Kd8 64. Rb8# 1-0

[Event "European Senior Chess Championship 2018"]
[Site "Drammen, Norway"]
[Date "2018.08.03"]
[Round "6"]
[White "Hohler, Peter"]
[Black "Kabanova, Irina"]
[Result "1-0"]
[WhiteElo "2091"]
[BlackElo "1847"]
[PlyCount "102"]
[EventDate "2018.??.??"]

1. d4 Nf6 2. c4 e6 3. Nf3 Bb4+ 4. Nbd2 O-O 5. a3 Bxd2+ 6. Qxd2 d5 7. e3 Nbd7 8.
b4 Ne4 9. Qc2 f5 10. Bd3 Ndf6 11. Ne5 dxc4 12. Bxc4 Nd5 13. O-O c6 14. Bd3 Nd6
15. Bd2 a6 16. Rae1 Nf6 17. Bc3 Bd7 18. Nc4 Be8 19. Bd2 Bg6 20. Ne5 Qe8 21. Qb3
Nfe4 22. Bc1 Bf7 23. Qc2 Bh5 24. Bb2 Qe7 25. f3 Nf6 26. e4 fxe4 27. fxe4 h6 28.
Qc5 Nc8 29. Qxe7 Nxe7 30. Bc4 Kh7 31. Bxe6 a5 32. bxa5 Rxa5 33. g4 Be8 34. Bc3
Rb5 35. Bb4 c5 36. Bxc5 Rxc5 37. dxc5 Bb5 38. Rf3 Rd8 39. Rb3 Ba6 40. Nf3 Nc6
41. e5 Ne8 42. Kg2 Ne7 43. g5 Nc7 44. Bg4 Ncd5 45. Kg3 Rf8 46. Re4 g6 47. gxh6
Nf5+ 48. Bxf5 gxf5 49. Rd4 f4+ 50. Kf2 Ne3 51. Rd7+ Kxh6
1-0

[Event "European Senior Chess Championship 2018"]
[Site "Drammen, Norway"]
[Date "2018.08.03"]
[Round "6"]
[White "Wahlstedt, Mats"]
[Black "Carulla Pons, Carlos"]
[Result "1/2-1/2"]
[WhiteElo "1951"]
[BlackElo "1835"]
[PlyCount "38"]
[EventDate "2018.??.??"]

1. e4 e6 2. d4 d5 3. Nc3 dxe4 4. Nxe4 Nd7 5. Nf3 Ngf6 6. Nxf6+ Nxf6 7. Bd3 Be7
8. O-O O-O 9. Qe2 c5 10. dxc5 Bxc5 11. Bg5 Be7 12. Rad1 Qc7 13. c4 b6 14. Bb1
Bb7 15. Ne5 Rfd8 16. Bh4 Rxd1 17. Rxd1 Rd8 18. Bg3 Rxd1+ 19. Qxd1 Qd8
1/2-1/2

[Event "European Senior Chess Championship 2018"]
[Site "Drammen, Norway"]
[Date "2018.08.03"]
[Round "6"]
[White "Munar Mut, Antonio"]
[Black "Milashevskaja, Valentina"]
[Result "1-0"]
[WhiteElo "1909"]
[BlackElo "1748"]
[PlyCount "79"]
[EventDate "2018.??.??"]

1. e4 e6 2. d4 d5 3. Nd2 Bd7 4. Bd3 Bc6 5. e5 Qd7 6. Ne2 Bb5 7. Bxb5 Qxb5 8.
O-O c5 9. c3 Nc6 10. Nf3 cxd4 11. Nexd4 Nxd4 12. Nxd4 Qb6 13. Qa4+ Kd8 14. b4
a6 15. Be3 Rc8 16. Rac1 h6 17. Rfd1 Rc4 18. Qb3 Qc7 19. a4 Qxe5 20. Nxe6+ fxe6
21. Qxc4 Be7 22. Qf4 Qxf4 23. Bxf4 g5 24. Be5 Bf6 25. Bxf6+ Nxf6 26. c4 Ke7 27.
cxd5 Nxd5 28. b5 Rf8 29. bxa6 bxa6 30. Rc6 Nb4 31. Rc5 Nd5 32. Rc6 Nb4 33. Rb6
Rf4 34. Re1 Rc4 35. Rbxe6+ Kd7 36. R6e4 Rxe4 37. Rxe4 Nc6 38. h4 g4 39. Rf4 Ke6
40. Rf8
1-0

[Event "European Senior Chess Championship 2018"]
[Site "Drammen, Norway"]
[Date "2018.08.03"]
[Round "6"]
[White "Mella, Aage"]
[Black "Thjomoe, Hans Richard"]
[Result "1/2-1/2"]
[WhiteElo "1689"]
[BlackElo "1888"]
[PlyCount "44"]
[EventDate "2018.??.??"]

1. c4 f5 2. Nc3 Nf6 3. g3 e6 4. Bg2 Bb4 5. e3 O-O 6. Nge2 d6 7. a3 Bxc3 8. Nxc3
Nc6 9. b3 Ne7 10. O-O e5 11. d4 c6 12. dxe5 dxe5 13. Bb2 Ng6 14. Qxd8 Rxd8 15.
Rfd1 Be6 16. Ne2 Rd7 17. Rxd7 Nxd7 18. Rd1 Nc5 19. Nc1 Kf7 20. h4 e4 21. Bf1
Nf8 22. Be2 g6
1/2-1/2

[Event "European Senior Chess Championship 2018"]
[Site "Drammen, Norway"]
[Date "2018.08.03"]
[Round "6"]
[White "Podlovna, Stella"]
[Black "Patola, Eero"]
[Result "0-1"]
[WhiteElo "1607"]
[BlackElo "1856"]
[PlyCount "70"]
[EventDate "2018.??.??"]

1. d4 f5 2. c4 Nf6 3. Nc3 g6 4. Nf3 Bg7 5. g3 O-O 6. Bg2 d6 7. O-O Qe8 8. Re1
h6 9. e4 Qf7 10. e5 Nh5 11. exd6 exd6 12. Nd5 Nc6 13. Rb1 Nf6 14. Nh4 Kh7 15.
Nxf6+ Qxf6 16. d5 Ne5 17. b3 Bd7 18. Bb2 Qf7 19. f4 Ng4 20. Bxg7 Qxg7 21. h3
Nf6 22. Nf3 Ne4 23. Qd3 Nxg3 24. Nd4 Ne4 25. Ne6 Bxe6 26. dxe6 Nc5 27. Qd5 Qe7
28. b4 c6 29. Qd2 Nxe6 30. Re3 Qd7 31. Rbe1 Rae8 32. Rd3 Ng7 33. Rd1 Rf6 34.
Rxd6 Rxd6 35. Qxd6 Re1+
0-1

[Event "European Senior Chess Championship 2018"]
[Site "Drammen, Norway"]
[Date "2018.08.03"]
[Round "6"]
[White "Tolda Andreu, Eloi"]
[Black "Rubinstein, Mark"]
[Result "1-0"]
[WhiteElo "1827"]
[BlackElo "1850"]
[PlyCount "47"]
[EventDate "2018.??.??"]

1. Nf3 d5 2. c4 c6 3. cxd5 cxd5 4. g3 Nc6 5. Bg2 e5 6. d3 f5 7. O-O Nf6 8. e3
Bd6 9. Nc3 O-O 10. a3 Kh8 11. b4 a6 12. Bb2 h6 13. Rc1 g5 14. h3 Be6 15. Ne2 g4
16. Nh4 Kh7 17. f4 e4 18. Bxf6 Rxf6 19. hxg4 fxg4 20. dxe4 dxe4 21. Bxe4+ Kg7
22. Bxc6 bxc6 23. Rxc6 Bf8 24. Qxd8
1-0

[Event "European Senior Chess Championship 2018"]
[Site "Drammen, Norway"]
[Date "2018.08.03"]
[Round "6"]
[White "Tveten, Per"]
[Black "Lilleng, Gunnar"]
[Result "0-1"]
[WhiteElo "1526"]
[BlackElo "1598"]
[PlyCount "164"]
[EventDate "2018.??.??"]

1. e4 d5 2. exd5 Qxd5 3. d4 Nf6 4. Nc3 Qd8 5. Bc4 Bg4 6. Be2 Bxe2 7. Ngxe2 e6
8. O-O c6 9. Bg5 Be7 10. Bf4 Nbd7 11. Ng3 Nd5 12. Nxd5 cxd5 13. Nh5 g6 14. Ng3
Bg5 15. Qg4 Bxf4 16. Qxf4 Rc8 17. c3 Qf6 18. Qh6 Qe7 19. Rae1 Qf8 20. Qxf8+
Kxf8 21. f4 Kg7 22. Ne2 Nb6 23. g4 Nc4 24. Rf3 Nd6 25. Ng3 Rhe8 26. Rfe3 Kf8
27. h4 Rc7 28. h5 Rce7 29. Kg2 f5 30. g5 Kf7 31. h6 Rc7 32. Nh1 Ne4 33. Nf2
Rec8 34. Nd3 b6 35. Ne5+ Kg8 36. Ra1 b5 37. Nd3 Kf7 38. Ne5+ Ke7 39. Nd3 a5 40.
Rae1 Rc6 41. a3 Rb6 42. Rh3 Kd6 43. Ne5 Ke7 44. Nd3 Rbc6 45. Ne5 R6c7 46. Nd3
Kd6 47. Ne5 b4 48. axb4 axb4 49. Rc1 bxc3 50. bxc3 Nxc3 51. Nxg6 Ne2 52. Rxc7
Kxc7 53. Kf3 Ng1+ 54. Kg2 Nxh3 55. Ne7 Nxf4+ 56. Kf3 Ng6 57. Nxc8 Kxc8 58. Kg3
Kd7 59. Kf3 Kd6 60. Ke3 e5 61. dxe5+ Kxe5 62. Kf3 d4 63. Ke2 Kf4 64. Kd3 Kxg5
65. Kxd4 Kxh6 66. Ke3 Kg5 67. Kf3 f4 68. Kg2 Kg4 69. Kf2 Ne5 70. Kg2 f3+ 71.
Kh2 Kf4 72. Kg1 Ke3 73. Kf1 Ng4 74. Ke1 h5 75. Kf1 h4 76. Kg1 Ke2 77. Kh1 Ne5
78. Kh2 f2 79. Kh3 f1=Q+ 80. Kxh4 Qf4+ 81. Kh3 Qg4+ 82. Kh2 Nf3+ 0-1